[Event "V Abierto Internacional Ayunta"]
[Site "?"]
[Date "2007.08.28"]
[Round "4.2"]
[White "Llaneza Vega, Marcos"]
[Black "Reinaldo Castineira, Roi"]
[Result "1/2-1/2"]
[WhiteElo "2438"]
[BlackElo "2458"]
[PlyCount "47"]
[EventDate "2007.08.25"]

1. e4 c5 2. Nf3 d6 3. d4 cxd4 4. Nxd4 Nf6 5. Nc3 a6 6. Be3 e6 7. g4 h6 8. f4 b5
9. Bg2 Bb7 10. g5 hxg5 11. fxg5 b4 12. gxf6 bxc3 13. O-O gxf6 14. Qg4 Nc6 15.
Nxc6 Bxc6 16. e5 Bxg2 17. Qxg2 d5 18. bxc3 Qc7 19. Qg4 Qxe5 20. Qa4+ Kd8 21.
Bb6+ Ke7 22. Bc5+ Kd8 23. Bb6+ Ke7 24. Bc5+ 1/2-1/2

[Event "V Abierto Internacional Ayunta"]
[Site "?"]
[Date "2007.08.28"]
[Round "4.3"]
[White "Barsov, Alexei"]
[Black "Ivanov, Jordan"]
[Result "1/2-1/2"]
[WhiteElo "2517"]
[BlackElo "2382"]
[PlyCount "33"]
[EventDate "2007.08.25"]

1. d4 d5 2. Nf3 Nf6 3. c4 dxc4 4. Nc3 a6 5. e4 b5 6. e5 Nd5 7. a4 e6 8. axb5
Nb6 9. Be3 Be7 10. bxa6 Rxa6 11. Rxa6 Nxa6 12. Bxc4 Nxc4 13. Qa4+ Qd7 14. Qxc4
Nb4 15. Qb5 Qxb5 16. Nxb5 Kd7 17. Kd2 1/2-1/2

[Event "V Abierto Internacional Ayunta"]
[Site "?"]
[Date "2007.08.28"]
[Round "4.4"]
[White "Astaneh Lopez, Alex"]
[Black "Manolache, Marius"]
[Result "0-1"]
[WhiteElo "2337"]
[BlackElo "2528"]
[PlyCount "42"]
[EventDate "2007.08.25"]

1. e4 d6 2. d4 Nf6 3. Nc3 g6 4. Be2 Bg7 5. h4 h6 6. Be3 Nc6 7. d5 Ne5 8. f4
Neg4 9. Bd4 h5 10. Nf3 O-O 11. f5 c5 12. dxc6 bxc6 13. fxg6 fxg6 14. Bc4+ Kh8
15. e5 dxe5 16. Nxe5 Nxe5 17. Bxe5 Qa5 18. Qe2 Kh7 19. Bd4 e5 20. Bf2 Bg4 21.
Qe3 Bh6 0-1

[Event "V Abierto Internacional Ayunta"]
[Site "?"]
[Date "2007.08.28"]
[Round "4.5"]
[White "Khamrakulov, Dzhurabek"]
[Black "Iotov, Valentin"]
[Result "1-0"]
[WhiteElo "2322"]
[BlackElo "2502"]
[PlyCount "113"]
[EventDate "2007.08.25"]

1. e4 c5 2. Nf3 d6 3. c3 Nf6 4. e5 Nd5 5. d4 cxd4 6. cxd4 e6 7. Bc4 Nc6 8. Qe2
Be7 9. O-O O-O 10. Nc3 Nxc3 11. bxc3 dxe5 12. Nxe5 Nxe5 13. Qxe5 Bd7 14. Bd2
Bf6 15. Qe2 Bc6 16. Bb3 Qc7 17. Qg4 b5 18. Bg5 Bxg5 19. Qxg5 Rfd8 20. Qg3 Qxg3
21. hxg3 Rab8 22. a3 g6 23. f3 h5 24. Rfd1 Bd5 25. Rab1 Rb6 26. Kf2 Rc6 27. Rd3
Kg7 28. Re3 Ra6 29. Bxd5 Rxd5 30. Rb3 Ra4 31. f4 a6 32. Kf3 Kf6 33. g4 hxg4+
34. Kxg4 Rh5 35. Re1 Ke7 36. Re5 Rxe5 37. fxe5 f6 38. exf6+ Kxf6 39. Kf4 e5+
40. Ke4 Ke6 41. g4 g5 42. Rb1 exd4 43. cxd4 Rxa3 44. Rh1 b4 45. d5+ Kd6 46.
Rh6+ Kc5 47. Rc6+ Kb5 48. Rc8 Ra1 49. Kf5 Rd1 50. Ke6 a5 51. d6 a4 52. d7 a3
53. d8=Q Rxd8 54. Rxd8 Kc4 55. Ra8 b3 56. Ra4+ Kc5 57. Rxa3 1-0

[Event "V Abierto Internacional Ayunta"]
[Site "?"]
[Date "2007.08.28"]
[Round "4.6"]
[White "Llorente Zaro, Alfonso"]
[Black "Samolins, Vitalijs"]
[Result "1/2-1/2"]
[WhiteElo "2422"]
[BlackElo "2319"]
[PlyCount "53"]
[EventDate "2007.08.25"]

1. d4 f5 2. Nf3 Nf6 3. c4 e6 4. Nc3 d5 5. Bf4 c6 6. e3 Bd6 7. Bd3 O-O 8. Qc2
Ne4 9. O-O b6 10. Ne2 Bb7 11. Rac1 Qe7 12. Bxd6 Qxd6 13. Ne5 Nd7 14. Nxd7 Qxd7
15. f3 Nf6 16. c5 g5 17. b4 b5 18. Bxb5 cxb5 19. c6 Qe7 20. cxb7 Rab8 21. Qc7
Rxb7 22. Qxe7 Rxe7 23. Rc5 Rb8 24. Rfc1 Kf7 25. R1c3 Rbb7 26. Nc1 Nd7 27. Rc6
1/2-1/2

[Event "V Abierto Internacional Ayunta"]
[Site "?"]
[Date "2007.08.28"]
[Round "4.7"]
[White "Rivera, Daniel"]
[Black "Berbatov, Kiprian"]
[Result "1-0"]
[WhiteElo "2340"]
[BlackElo "2096"]
[PlyCount "57"]
[EventDate "2007.08.25"]

1. e4 c5 2. Nc3 d6 3. g3 g6 4. Bg2 Bg7 5. d3 Nc6 6. f4 e6 7. Nf3 Nge7 8. O-O
O-O 9. Be3 Nd4 10. Bf2 Nec6 11. Nxd4 Nxd4 12. e5 dxe5 13. fxe5 Bxe5 14. Ne4 f5
15. Nxc5 Qc7 16. b4 f4 17. c3 Nf5 18. g4 f3 19. Bxf3 Bxh2+ 20. Kg2 Ne7 21. Qe2
Be5 22. Rae1 Bxc3 23. Nxe6 Bxe6 24. Qxe6+ Rf7 25. Bg3 Qb6 26. Bd5 Qxe6 27. Bxe6
Raf8 28. Rxf7 Rxf7 29. Rf1 1-0

[Event "V Abierto Internacional Ayunta"]
[Site "?"]
[Date "2007.08.28"]
[Round "4.8"]
[White "Alonso Sanchez, Victor M"]
[Black "Garcia Castro, Pablo"]
[Result "0-1"]
[WhiteElo "1947"]
[BlackElo "2405"]
[PlyCount "30"]
[EventDate "2007.08.25"]

1. d4 g6 2. Nf3 Bg7 3. Nc3 d6 4. e4 Nc6 5. h3 e5 6. Be3 exd4 7. Nxd4 Bd7 8. a4
Nf6 9. a5 a6 10. Qd2 O-O 11. Nxc6 Bxc6 12. f3 Re8 13. Bc4 d5 14. Nxd5 Bxd5 15.
exd5 Bh6 0-1

[Event "V Abierto Internacional Ayunta"]
[Site "?"]
[Date "2007.08.28"]
[Round "4.9"]
[White "Alonso Macias, Victor"]
[Black "Recuero Guerra, Javier"]
[Result "0-1"]
[WhiteElo "1944"]
[BlackElo "2312"]
[PlyCount "78"]
[EventDate "2007.08.25"]

1. e4 c5 2. Nf3 e6 3. d4 cxd4 4. Nxd4 Nf6 5. Nc3 Nc6 6. Ndb5 d6 7. Bf4 e5 8.
Bg5 a6 9. Na3 b5 10. Nd5 Be7 11. Bxf6 Bxf6 12. c3 Bg5 13. Nc2 O-O 14. h4 Bh6
15. g4 Bf4 16. Nxf4 exf4 17. Qd5 Qc7 18. O-O-O Rd8 19. Nd4 Nxd4 20. Qxd4 Be6
21. a3 Rab8 22. g5 a5 23. h5 b4 24. h6 gxh6 25. gxh6 Kf8 26. axb4 axb4 27. Qg7+
Ke7 28. Qg5+ Kf8 29. Qg7+ Ke7 30. Qg5+ f6 31. Qg7+ Bf7 32. Rh5 Rg8 33. Qxh7 Rh8
34. Qf5 Bxh5 35. Qxh5 bxc3 36. Qg6 cxb2+ 37. Kb1 Rbg8 38. Qf5 Rc8 39. Qxf4 Qc2+
0-1

[Event "V Abierto Internacional Ayunta"]
[Site "?"]
[Date "2007.08.28"]
[Round "4.10"]
[White "Rodriguez Lopez, Rafael"]
[Black "Otero Nogueira, Brais"]
[Result "1/2-1/2"]
[WhiteElo "2292"]
[BlackElo "1885"]
[PlyCount "69"]
[EventDate "2007.08.25"]

1. d4 Nf6 2. Nf3 g6 3. c4 Bg7 4. Nc3 d6 5. e4 O-O 6. Be2 e5 7. Be3 Nc6 8. d5
Ne7 9. Nd2 Ne8 10. c5 f5 11. f3 b6 12. cxd6 Nxd6 13. Qb3 fxe4 14. fxe4 Bd7 15.
Nb5 Nec8 16. O-O-O Nxb5 17. Bxb5 Nd6 18. Bxd7 Qxd7 19. h3 a5 20. Qd3 b5 21. Nb3
Nc4 22. Nc5 Qe8 23. Ne6 Rf7 24. Rhf1 a4 25. Rxf7 Qxf7 26. Rf1 Qd7 27. Kb1 Re8
28. Nc5 Qe7 29. Qe2 Rf8 30. Rxf8+ Bxf8 31. Ne6 Qb4 32. Nxf8 Qxf8 33. Bc1 Qb4
34. Qg4 Na3+ 35. Ka1 1/2-1/2

[Event "V Abierto Internacional Ayunta"]
[Site "?"]
[Date "2007.09.02"]
[Round "9.1"]
[White "Llaneza Vega, Marcos"]
[Black "Barsov, Alexei"]
[Result "1/2-1/2"]
[WhiteElo "2438"]
[BlackElo "2517"]
[PlyCount "80"]
[EventDate "2007.08.25"]

1. e4 e6 2. d4 d5 3. Nc3 Bb4 4. exd5 exd5 5. Bd3 Nc6 6. a3 Bxc3+ 7. bxc3 Nf6 8.
Ne2 O-O 9. O-O Na5 10. Re1 Re8 11. Ng3 Rxe1+ 12. Qxe1 Be6 13. Bg5 h6 14. Bf4
Nc4 15. Qc1 Nd6 16. f3 Qf8 17. a4 a5 18. Qa3 Nde8 19. Qb3 b6 20. Bb5 Qe7 21.
Re1 Qd8 22. Qa3 Nd6 23. Bxd6 Qxd6 24. Qxd6 cxd6 25. Rb1 Kf8 26. Ne2 Ke7 27. Kf2
Kd8 28. Ke3 g5 29. h4 Kc7 30. hxg5 hxg5 31. Rh1 Bd7 32. Bxd7 Nxd7 33. Kd3 b5
34. axb5 Nb6 35. Rh7 Nc4 36. Rxf7+ Kb6 37. Rf5 Re8 38. Rxd5 Nb2+ 39. Kd2 Nc4+
40. Kd3 Nb2+ 1/2-1/2

[Event "V Abierto Internacional Ayunta"]
[Site "?"]
[Date "2007.09.02"]
[Round "9.3"]
[White "Iotov, Valentin"]
[Black "Larino Nieto, David"]
[Result "1-0"]
[WhiteElo "2502"]
[BlackElo "2435"]
[PlyCount "123"]
[EventDate "2007.08.25"]

1. c4 e6 2. g3 c5 3. Bg2 Nc6 4. Nc3 Nf6 5. Nf3 d5 6. cxd5 Nxd5 7. O-O Be7 8. d4
O-O 9. Nxd5 Qxd5 10. Be3 Qh5 11. dxc5 e5 12. Qb3 Be6 13. Qxb7 Bd5 14. Rfd1 Rab8
15. Qa6 e4 16. g4 Qxg4 17. Rxd5 Nb4 18. Ne5 Qh5 19. Qc4 Nxd5 20. Nc6 Rbe8 21.
Qxe4 Bd6 22. Qxd5 Qxh2+ 23. Kf1 Bc7 24. Nd4 Re5 25. Qd7 Rxe3 26. fxe3 Qe5 27.
Nf3 Qxc5 28. b4 Qc2 29. Qd3 Qb2 30. Qd4 Qa3 31. Rd1 Bb6 32. Qe4 Qa4 33. Rd5 h6
34. Nh4 Bd8 35. Nf5 Bf6 36. Rd6 Qxa2 37. Kf2 Qa1 38. Qg4 Kh8 39. Be4 Qe5 40.
Rd5 Qe6 41. Rd6 Qe5 42. Qf4 Qc3 43. Nxh6 Be5 44. Qh4 g6 45. Ng4+ Kg8 46. Nf6+
Bxf6 47. Rxf6 Qxb4 48. Rf4 Qc3 49. Qf6 Qxf6 50. Rxf6 Kg7 51. Ra6 Re8 52. Bd3
Re7 53. Kf3 Kh6 54. Ra5 Rb7 55. Kf4 f5 56. e4 fxe4 57. Bxe4 Rf7+ 58. Kg4 Re7
59. Bd3 Rb7 60. Ra6 Rb4+ 61. Kf3 Kh5 62. Bxg6+ 1-0

[Event "V Abierto Internacional Ayunta"]
[Site "?"]
[Date "2007.09.02"]
[Round "9.4"]
[White "Frois, Antonio"]
[Black "Manolache, Marius"]
[Result "0-1"]
[WhiteElo "2342"]
[BlackElo "2528"]
[PlyCount "58"]
[EventDate "2007.08.25"]

1. Nf3 Nf6 2. c4 d6 3. d4 g6 4. Nc3 Bg7 5. Bg5 O-O 6. e3 a6 7. h3 c6 8. Be2 b5
9. a3 Nbd7 10. O-O h6 11. Bf4 bxc4 12. Bxc4 Nb6 13. Ba2 Nfd5 14. Bh2 Be6 15.
Qd3 Qd7 16. Rfc1 Nxc3 17. bxc3 Bxa2 18. Rxa2 Na4 19. Rb1 c5 20. Bg3 Rfc8 21.
Rc2 Qc6 22. d5 Qc7 23. e4 Rab8 24. Rxb8 Qxb8 25. e5 dxe5 26. Re2 c4 27. Qe3 f6
28. Nh4 g5 29. Nf5 Qb1+ 0-1

[Event "V Abierto Internacional Ayunta"]
[Site "?"]
[Date "2007.09.02"]
[Round "9.5"]
[White "Reinaldo Castineira, Roi"]
[Black "Recuero Guerra, Javier"]
[Result "1/2-1/2"]
[WhiteElo "2458"]
[BlackElo "2312"]
[PlyCount "128"]
[EventDate "2007.08.25"]

1. c4 e5 2. g3 Nc6 3. Bg2 g6 4. Nc3 Bg7 5. d3 Nge7 6. Rb1 a5 7. a3 O-O 8. e3 d6
9. Nge2 Be6 10. Nd5 Bxd5 11. cxd5 Nb8 12. O-O Nd7 13. b4 Nb6 14. Nc3 e4 15.
Nxe4 axb4 16. axb4 Nexd5 17. Qb3 Ra4 18. Bd2 Qa8 19. d4 Ra3 20. Qc2 Qa4 21.
Qxa4 Rxa4 22. Rfc1 Rfa8 23. Be1 Ra3 24. b5 Bf8 25. Kf1 Be7 26. Nd2 Nc3 27. Rb3
Rxb3 28. Nxb3 Nxb5 29. Bxb7 Ra3 30. Na5 Ra2 31. Ba6 Rb2 32. Bxb5 Rxb5 33. Rxc7
Nd5 34. Rb7 Rxb7 35. Nxb7 f5 36. Ke2 Kf7 37. f3 Ke6 38. Kd3 Nb6 39. Ba5 Nc8 40.
Bb4 d5 41. Bc5 Kd7 42. Na5 Bd6 43. e4 fxe4+ 44. fxe4 Ne7 45. exd5 Nxd5 46. Bxd6
Kxd6 47. Nc4+ Ke6 48. Ne3 Nf6 49. Kc4 Nd7 50. Ng4 Kf5 51. Nf2 Ke6 52. d5+ Ke5
53. Nd3+ Kd6 54. Kd4 Nf6 55. Nb4 g5 56. Kc4 Ng4 57. Kd4 Nxh2 58. Ke4 h5 59. Kf5
Nf1 60. Kxg5 Nxg3 61. Kh4 Nf5+ 62. Kxh5 Ne3 63. Kg5 Nxd5 64. Nxd5 Kxd5 1/2-1/2

[Event "V Abierto Internacional Ayunta"]
[Site "?"]
[Date "2007.09.02"]
[Round "9.6"]
[White "Alonso Sanchez, Victor M"]
[Black "Llorente Zaro, Alfonso"]
[Result "0-1"]
[WhiteElo "1947"]
[BlackElo "2422"]
[PlyCount "44"]
[EventDate "2007.08.25"]

1. d4 Nf6 2. Nf3 d6 3. Nc3 Nbd7 4. e4 e5 5. Bg5 c6 6. Qd2 Be7 7. O-O-O Qc7 8.
Bd3 b5 9. d5 a6 10. dxc6 Qxc6 11. Nd5 Bd8 12. Nxf6+ gxf6 13. Bh4 h5 14. Rhe1
Bb7 15. Bg3 Nc5 16. Nh4 f5 17. Nxf5 Kf8 18. Bh4 Bxh4 19. Nxh4 b4 20. Qg5 Rc8
21. Bc4 Nxe4 22. Qf5 Qxc4 0-1

[Event "V Abierto Internacional Ayunta"]
[Site "?"]
[Date "2007.09.02"]
[Round "9.8"]
[White "Ivanov, Jordan"]
[Black "Perez Fungueiro, Manuel A"]
[Result "1/2-1/2"]
[WhiteElo "2382"]
[BlackElo "2234"]
[PlyCount "68"]
[EventDate "2007.08.25"]

1. d4 Nf6 2. c4 c5 3. d5 b5 4. cxb5 a6 5. b6 e6 6. Nc3 Nxd5 7. Nxd5 exd5 8.
Qxd5 Nc6 9. Nf3 Bb7 10. e4 Be7 11. Bc4 O-O 12. Qh5 Nb4 13. Ng5 Bxg5 14. Bxg5
Qe8 15. O-O-O Qxe4 16. Qe2 Nxa2+ 17. Kd2 Qg6 18. Be7 Nb4 19. Kc1 d5 20. Bxc5
Rac8 21. Bxb4 Rxc4+ 22. Bc3 Rfc8 23. Rhe1 h6 24. Qe3 Re4 25. Qf3 d4 26. Rxe4
Bxe4 27. b7 Rb8 28. Qf4 Rxb7 29. Rxd4 Bc6 30. Rd6 Qxg2 31. Qf5 Rb8 32. h4 Re8
33. Qc5 Ba4 34. b3 Bxb3 1/2-1/2

[Event "V Abierto Internacional Ayunta"]
[Site "?"]
[Date "2007.09.02"]
[Round "9.9"]
[White "Cebrian Ramos, Jose Luis"]
[Black "Astaneh Lopez, Alex"]
[Result "0-1"]
[WhiteElo "2056"]
[BlackElo "2337"]
[PlyCount "86"]
[EventDate "2007.08.25"]

1. d4 b6 2. e4 Bb7 3. Bd3 e6 4. Nf3 c5 5. c3 Nf6 6. Qe2 cxd4 7. cxd4 Nc6 8. a3
d5 9. e5 Nd7 10. Bg5 Be7 11. Bxe7 Qxe7 12. Nc3 a6 13. O-O b5 14. Qe3 Nb6 15. b3
O-O 16. Qf4 f5 17. exf6 Qxf6 18. Qc7 Qd8 19. Qg3 Rf6 20. Rfe1 Qe7 21. Re3 Raf8
22. Rae1 Bc8 23. b4 g6 24. h4 Kh8 25. Rc1 Bb7 26. Rce1 Bc8 27. Rc1 Nd8 28. Ne5
Rxf2 29. Ng4 R2f7 30. Qe5+ Rg7 31. Qg3 Nf7 32. Ne2 Nd6 33. Ne5 Nbc4 34. Bxc4
Nf5 35. Qh3 dxc4 36. Re4 Bb7 37. Rg4 Rf6 38. Nf4 Nh6 39. Qe3 Nxg4 40. Nxg4 Rf5
41. Re1 Qxh4 42. Nxe6 Qxg4 43. Nxg7 Qxg2# 0-1

[Event "V Abierto Internacional Ayunta"]
[Site "?"]
[Date "2007.09.02"]
[Round "9.10"]
[White "Berbatov, Kiprian"]
[Black "Rodriguez Lopez, Rafael"]
[Result "1-0"]
[WhiteElo "2096"]
[BlackElo "2292"]
[PlyCount "53"]
[EventDate "2007.08.25"]

1. e4 c5 2. Nf3 e6 3. d4 cxd4 4. Nxd4 Nc6 5. Nc3 a6 6. f4 Qc7 7. Nb3 d6 8. Bd3
Nf6 9. Be3 Be7 10. O-O b5 11. Qf3 Bb7 12. Qh3 Nb4 13. Nd4 O-O 14. g4 Nxd3 15.
cxd3 b4 16. Nce2 Nd7 17. g5 Qd8 18. Rf3 e5 19. Nf5 exf4 20. Bxf4 Ne5 21. Rg3
Ng6 22. Qh5 Re8 23. Be3 d5 24. Bd4 dxe4 25. Rh3 Nf8 26. Bxg7 Qb6+ 27. Bd4 1-0

[Event "V Abierto Internacional Ayunta"]
[Site "?"]
[Date "2007.09.01"]
[Round "8.1"]
[White "Llaneza Vega, Marcos"]
[Black "Manolache, Marius"]
[Result "1-0"]
[WhiteElo "2438"]
[BlackElo "2528"]
[PlyCount "91"]
[EventDate "2007.08.25"]

1. e4 g6 2. d4 Bg7 3. Nf3 d6 4. Bc4 Nc6 5. O-O Nf6 6. Qe2 Bg4 7. Rd1 O-O 8. h3
Bxf3 9. Qxf3 e5 10. c3 Nd7 11. Be3 Kh8 12. Bb5 f5 13. Bxc6 bxc6 14. exf5 d5 15.
dxe5 Nxe5 16. Qe2 Rxf5 17. Nd2 Qd7 18. f4 Nf7 19. g4 Rf6 20. Ne4 Nd6 21. Nxf6
Bxf6 22. Qd3 Kg8 23. Re1 Bh4 24. Re2 Ne4 25. Rd1 Qe6 26. Bd4 Rf8 27. f5 gxf5
28. gxf5 Rxf5 29. Rg2+ Kf8 30. Rf1 Ke8 31. Bxa7 Rxf1+ 32. Qxf1 Ng3 33. Qd1 Qe4
34. Bd4 Ke7 35. a4 Kd6 36. b4 h5 37. Bf2 Nf5 38. Bc5+ Kd7 39. Qe2 Qb1+ 40. Qf1
Qe4 41. Re2 Bf2+ 42. Qxf2 Qd3 43. Re5 Ng3 44. Re3 Qb1+ 45. Qe1 Qg6 46. Rxg3 1-0

[Event "V Abierto Internacional Ayunta"]
[Site "?"]
[Date "2007.09.01"]
[Round "8.2"]
[White "Barsov, Alexei"]
[Black "Reinaldo Castineira, Roi"]
[Result "1-0"]
[WhiteElo "2517"]
[BlackElo "2458"]
[PlyCount "85"]
[EventDate "2007.08.25"]

1. d4 e6 2. c4 c5 3. d5 exd5 4. cxd5 d6 5. Nc3 g6 6. e4 Bg7 7. Bd3 Nf6 8. h3
O-O 9. Nf3 a6 10. a4 Nh5 11. g4 Nf6 12. Bf4 h5 13. Nd2 hxg4 14. Nc4 gxh3 15.
Bxd6 Re8 16. Qf3 b5 $1 (16... Nbd7 17. Qg3 Nh5 18. Qh2 Nb6 19. Ne3 c4 20. Bc7
Bxc3+ 21. bxc3 Qf6) 17. axb5 axb5 18. Rxa8 bxc4 19. Bf4 (19. Bxb8 Bb7 20. Ra4 (
20. Be5 Bxa8 21. Bxf6 Qxf6 22. Qxf6 Bxf6) 20... cxd3 21. Qxh3 (21. Bf4 Nxd5 22.
Nxd5 Qxd5 23. Be3 Qb3 24. Qd1 Qxb2 25. O-O) 21... Qxb8 22. Qxd3 Qf4 $19) 19...
cxd3 20. Rxb8 Nh5 $2 (20... Nxe4 $1 $19 21. Nxe4 Qa5+ 22. Kd1 Qa4+ 23. Ke1
Rxe4+ 24. Be3 Re8 $19) 21. Rxh3 c4 (21... Nxf4 22. Qxf4 Be5 23. Qh6 Qa5 24.
Qh7+ Kf8 25. Rf3 Bxc3+ 26. bxc3 Rxe4+ 27. Kf1 Qa1+ 28. Kg2 Rg4+ 29. Rg3 Rxg3+
30. fxg3 Qa2+ 31. Kg1 Qa1+ 32. Kf2 $11) (21... Qa5 22. Rxh5 Bxc3+ 23. bxc3
Qxc3+ 24. Bd2 Qa1+ 25. Qd1 Qxd1+ 26. Kxd1 gxh5 27. f3 Bd7 28. Rxe8+ Bxe8 29.
Be1 c4 30. Kd2 Bb5 31. Kc3 f6 $11) 22. Rxh5 gxh5 23. Qxh5 Qa5 24. f3 Qa7 25.
Qg5 Qd7 26. Qg3 Kh7 27. Qh4+ Kg8 28. Qg3 Kh7 29. Kd2 Qa7 30. Rxc8 Bxc3+ 31.
Kxc3 Qa5+ 32. Kd4 Qb6+ 33. Rc5 Qxb2+ 34. Kxc4 Ra8 35. Qh3+ Kg7 36. Qg4+ Kh7 37.
Qf5+ Kg8 38. Rc8+ Rxc8+ 39. Qxc8+ Kg7 40. Kxd3 Qb1+ 41. Qc2 Qf1+ 42. Kd4 Qxf3
43. Qh2 1-0

[Event "V Abierto Internacional Ayunta"]
[Site "?"]
[Date "2007.09.01"]
[Round "8.3"]
[White "Starostits, Ilmars"]
[Black "Ivanov, Jordan"]
[Result "1-0"]
[WhiteElo "2497"]
[BlackElo "2382"]
[PlyCount "49"]
[EventDate "2007.08.25"]

1. e4 c5 2. Nc3 Nc6 3. g3 g6 4. Bg2 Bg7 5. d3 d6 6. f4 e6 7. Nf3 Nge7 8. O-O
O-O 9. Be3 Nd4 10. e5 Nef5 11. Bf2 Nxf3+ 12. Qxf3 Nd4 13. Qd1 dxe5 14. fxe5
Bxe5 15. Ne4 f5 16. Nxc5 f4 17. gxf4 Bxf4 18. c3 Nf5 19. Qb3 Qd6 20. Rae1 Bxh2+
21. Kh1 Ng3+ 22. Bxg3 Bxg3 23. Ne4 Qxd3 24. Rxf8+ Kxf8 25. Qb4+ 1-0

[Event "V Abierto Internacional Ayunta"]
[Site "?"]
[Date "2007.09.01"]
[Round "8.5"]
[White "Astaneh Lopez, Alex"]
[Black "Iotov, Valentin"]
[Result "0-1"]
[WhiteElo "2337"]
[BlackElo "2502"]
[PlyCount "78"]
[EventDate "2007.08.25"]

1. e4 c5 2. Nf3 e6 3. d4 cxd4 4. Nxd4 Nc6 5. Nb5 d6 6. c4 Nf6 7. N5c3 b6 8. Bf4
Bb7 9. Be2 Be7 10. O-O O-O 11. Re1 a6 12. Nd2 Nd7 13. Rc1 Nce5 14. Be3 g5 15.
Nf1 Rc8 16. b3 Kh8 17. f3 h5 18. Qd2 Rg8 19. Kh1 Rg7 20. Bd4 f6 21. Bf2 Qf8 22.
Red1 Ng6 23. Na4 Rc6 24. Ne3 Nf4 25. Bf1 Nc5 26. Nc3 Rc7 27. Nc2 f5 28. exf5
Qxf5 29. Bd4 Bf6 30. Ne3 Qg6 31. Bxf6 Qxf6 32. b4 g4 33. fxg4 hxg4 34. bxc5 g3
35. hxg3 Rxg3 36. Qd4 Rh7+ 37. Kg1 e5 38. Qxd6 Nh3+ 39. Kh2 Nf2+ 0-1

[Event "V Abierto Internacional Ayunta"]
[Site "?"]
[Date "2007.09.01"]
[Round "8.6"]
[White "Rodriguez Lopez, Rafael"]
[Black "Larino Nieto, David"]
[Result "0-1"]
[WhiteElo "2292"]
[BlackElo "2435"]
[PlyCount "106"]
[EventDate "2007.08.25"]

1. d4 e6 2. Nf3 Nf6 3. g3 c5 4. Bg2 cxd4 5. Nxd4 Nc6 6. O-O d5 7. c4 Qb6 8.
Nxc6 bxc6 9. Nc3 Bb4 10. Be3 Qa6 11. cxd5 cxd5 12. Bd4 Bb7 13. Bxf6 gxf6 14.
Qd4 Be7 15. Rfd1 Rc8 16. e4 Rc4 17. Qd2 d4 18. Bf1 dxc3 19. Qd7+ Kf8 20. Bxc4
Qxc4 21. Qxb7 c2 22. Rdc1 Bb4 23. Rxc2 Qxc2 24. Qxb4+ Kg7 25. Qd4 e5 26. Qxa7
Rd8 27. Qb6 Rd3 28. Re1 h5 29. Re3 Rd1+ 30. Kg2 Qc4 31. Qa5 Qf1+ 32. Kf3 h4 33.
Qc3 Qh1+ 34. Ke2 Rc1 35. Qd2 h3 36. g4 Qf1+ 37. Kf3 Rd1 38. Qc2 Rc1 39. Qd2 Kh7
40. Kg3 f5 41. exf5 Qg2+ 42. Kh4 Rc6 43. f6 Rxf6 44. Qd3+ Rg6 45. Qf5 Kg8 46.
Qf3 Qxh2 47. Qg3 Rh6+ 48. Kg5 Qxg3 49. Rxg3 h2 50. Kxh6 h1=Q+ 51. Kg5 Kg7 52.
Kf5 Qe1 53. Rf3 Qe2 0-1

[Event "V Abierto Internacional Ayunta"]
[Site "?"]
[Date "2007.09.01"]
[Round "8.7"]
[White "Perez Fungueiro, Manuel A"]
[Black "Garcia Castro, Pablo"]
[Result "1/2-1/2"]
[WhiteElo "2234"]
[BlackElo "2405"]
[PlyCount "34"]
[EventDate "2007.08.25"]

1. c4 Nc6 2. g3 e5 3. Bg2 Bc5 4. Nc3 a6 5. e3 d6 6. Nge2 Ba7 7. b3 Nge7 8. Bb2
Bf5 9. d4 Qd7 10. Nd5 O-O 11. Qd2 Rfe8 12. Rd1 f6 13. O-O Bg4 14. f3 Bh5 15. h3
Bf7 16. dxe5 fxe5 17. Kh2 Nf5 1/2-1/2

[Event "V Abierto Internacional Ayunta"]
[Site "?"]
[Date "2007.09.01"]
[Round "8.8"]
[White "Llorente Zaro, Alfonso"]
[Black "Torrado Quintela, Julio"]
[Result "1-0"]
[WhiteElo "2422"]
[BlackElo "2261"]
[PlyCount "41"]
[EventDate "2007.08.25"]

1. c4 e5 2. g3 Nc6 3. Bg2 f5 4. Nc3 Nf6 5. e3 Bb4 6. Nd5 e4 7. a3 Bd6 8. d3 O-O
9. Nh3 b6 10. Nxf6+ Qxf6 11. dxe4 Ba6 12. exf5 Kh8 13. Qc2 Ne5 14. O-O Nxc4 15.
Rd1 Rae8 16. e4 Be5 17. Rb1 Qe7 18. Qa4 Na5 19. b4 Be2 20. Rd2 b5 21. Qxa5 1-0

[Event "V Abierto Internacional Ayunta"]
[Site "?"]
[Date "2007.09.01"]
[Round "8.9"]
[White "Rivera, Daniel"]
[Black "Alonso Sanchez, Victor M"]
[Result "0-1"]
[WhiteElo "2340"]
[BlackElo "1947"]
[PlyCount "70"]
[EventDate "2007.08.25"]

1. e4 d5 2. exd5 Qxd5 3. Nc3 Qa5 4. d4 Nf6 5. Nf3 Bg4 6. h3 Bh5 7. Bc4 Nc6 8.
g4 Bg6 9. Bd2 O-O-O 10. Nd5 Qa4 11. Bb3 Qa6 12. c4 Be4 13. Nb4 Nxb4 14. Bxb4
Qc6 15. d5 Qb6 16. Bd2 Nxd5 17. cxd5 Qf6 18. Rc1 Bxf3 19. Qc2 Qe5+ 20. Kf1 Bxh1
21. f4 Qd6 22. Kg1 Bxd5 23. Bxd5 Qb6+ 24. Be3 Qxe3+ 25. Kg2 Qxf4 26. Bxb7+ Kb8
27. Bd5 e6 28. Qb3+ Qb4 29. Qc2 c5 30. a3 Qb6 31. Bf3 Be7 32. b4 cxb4 33. Qe4
Rd5 34. Qf4+ Qd6 35. Qe4 Rd2+ 0-1

[Event "V Abierto Internacional Ayunta"]
[Site "?"]
[Date "2007.09.01"]
[Round "8.10"]
[White "Otero Nogueira, Brais"]
[Black "Recuero Guerra, Javier"]
[Result "0-1"]
[WhiteElo "1885"]
[BlackElo "2312"]
[PlyCount "64"]
[EventDate "2007.08.25"]

1. e4 c5 2. Nc3 e6 3. f4 Nc6 4. Bb5 Nge7 5. Nf3 a6 6. Bxc6 Nxc6 7. O-O Be7 8.
d3 d5 9. e5 b5 10. Bd2 O-O 11. Qe1 f5 12. h3 Nb4 13. Rc1 d4 14. Ne2 Nd5 15. g4
Bb7 16. Qg3 Nc7 17. Kh2 Qd5 18. b3 a5 19. gxf5 exf5 20. Rg1 Ne6 21. Rcf1 a4 22.
h4 axb3 23. axb3 Ra2 24. Nc1 c4 25. bxc4 bxc4 26. Be3 Bc5 27. Bf2 cxd3 28. Nxd3
Rxc2 29. Nxc5 Qxc5 30. Ne1 Rc3 31. Nd3 Qc4 32. Rd1 Be4 0-1

[Event "V Abierto Internacional Ayunta"]
[Site "?"]
[Date "2007.08.31"]
[Round "7.1"]
[White "Reinaldo Castineira, Roi"]
[Black "Starostits, Ilmars"]
[Result "1/2-1/2"]
[WhiteElo "2458"]
[BlackElo "2497"]
[PlyCount "89"]
[EventDate "2007.08.25"]

1. e4 c6 2. d4 d5 3. e5 Bf5 4. Be3 e6 5. Nd2 Nd7 6. Nb3 Ne7 7. f4 Bg6 8. Nf3
Nf5 9. Bf2 h5 10. Be2 Be7 11. O-O h4 12. Nfd2 Qc7 13. a4 Rd8 14. Rc1 Nb6 15.
Ra1 Nd7 16. a5 c5 17. c4 h3 18. g4 Nxd4 19. Nxd4 cxd4 20. cxd5 exd5 21. f5 Bh7
22. e6 fxe6 23. fxe6 Ne5 24. Bb5+ Nc6 25. Bg3 Rd6 26. Rf7 Bg8 27. Rxg7 Bxe6 28.
Qe2 d3 29. Qe5 Rf8 30. Qxd6 Qxd6 31. Bxd6 Bxd6 32. Rxb7 Bc5+ 33. Kh1 Rf2 34.
Bxc6+ Kd8 35. Rb5 Bd6 36. Bxd5 Bd7 37. Ne4 Rxh2+ 38. Kg1 Rg2+ 39. Kf1 Bh2 40.
Rb3 Bxg4 41. Raa3 d2 42. Nxd2 Rxd2 43. Bf3 Bf5 44. Be2 Bd6 45. Rxh3 1/2-1/2

[Event "V Abierto Internacional Ayunta"]
[Site "?"]
[Date "2007.08.31"]
[Round "7.2"]
[White "Frois, Antonio"]
[Black "Llaneza Vega, Marcos"]
[Result "1/2-1/2"]
[WhiteElo "2342"]
[BlackElo "2438"]
[PlyCount "38"]
[EventDate "2007.08.25"]

1. Nf3 Nf6 2. c4 g6 3. g3 Bg7 4. Bg2 O-O 5. O-O Nc6 6. Nc3 d5 7. cxd5 Nxd5 8.
Nxd5 Qxd5 9. d3 Bg4 10. Be3 Qd7 11. Rc1 Be6 12. Qa4 Rfd8 13. Rc2 Bd5 14. Rfc1
Rac8 15. Qh4 f6 16. Bh3 e6 17. Bg2 Bxa2 18. Nd2 Bd5 19. Ne4 g5 1/2-1/2

[Event "V Abierto Internacional Ayunta"]
[Site "?"]
[Date "2007.08.31"]
[Round "7.3"]
[White "Manolache, Marius"]
[Black "Rivera, Daniel"]
[Result "1-0"]
[WhiteElo "2528"]
[BlackElo "2340"]
[PlyCount "43"]
[EventDate "2007.08.25"]

1. d4 e6 2. c4 c5 3. d5 exd5 4. cxd5 d6 5. Nc3 g6 6. Nf3 Bg7 7. e4 a6 8. Bg5
Ne7 9. Qd2 h6 10. Be3 Nd7 11. Bd3 b5 12. O-O g5 13. e5 g4 14. exd6 gxf3 15.
dxe7 Qxe7 16. Rfe1 O-O 17. Bxh6 Qh4 18. Bxg7 Kxg7 19. g3 Qh5 20. Re4 b4 21. Rh4
bxc3 22. Qf4 1-0